000 00387 a2200157 4500
001 189941
020 _a85-336-0610-9
040 _cMagnum
100 _aBofane, in Koli
240 1 0 _aPor que o leão deixou de ser o rei dos animais
_lpor
245 1 0 _aPor que o leão deixou de ser o rei dos animais
300 _a
362 0 _a1997
697 _aLITERATURA INFANTO
942 _cBK
999 _c189941
_d189941